000 00879nas a2200301 4500
001 BR9206765
003 BR-BrBNA
005 20231205092951.0
007 ta
008 230509b bl.|||p| |||| 00| 00por d
040 _aBR-BrBNA
_bpor
_cBiblioteca Nacional de Agricultura
041 _a(Pt)
072 _aF30
100 1 _aSilva, R.F. da
100 1 _aSilva, J.F. da
100 1 _aCampos, J.P. de
100 1 _aMedina, P.V.L.
245 1 _aEfeito de diferentes metodos de semeadura e de transplante sobre a cultura da chicoria (Cichorium endivium L.)
650 _aCHICORIA
650 _aVARIEDADE
650 _aSEMEADURA
650 _aMUDA
650 _aESPACAMENTO
650 _aPRODUCAO VEGETAL
773 0 _tRevista de Olericultura (Brazil)
_x
_g(1979), (no. 17) p. 227-232
_wBR9206765
909 _a202311
_bLúcia
_c55
_dLúcia Elande
942 _2AGRIS
_n0
_cANA
999 _c135447
_d135447